| 000 | 00626ntaaa2200193 4500 | ||
|---|---|---|---|
| 003 | 01 | ||
| 005 | 20251027202431.0 | ||
| 008 | 0714s1973 ag 01 | ||
| 040 |
_aAR-BaBN _bspa _cAR-BaBN _eaacr _dRIC |
||
| 082 | _a261.7100 L54 | ||
| 100 |
_aLenin, V. I. _923192 |
||
| 245 | _aObras escogidas, tomo II. | ||
| 250 | _a1 ed. | ||
| 260 |
_aMoscú : _bEdiciones en Lenguas Extranjeras, _c1960 |
||
| 300 | _a856 p. | ||
| 500 | _ael autor presenta la preparación y realización de la Gran Revolución Socialista de Oct., 1917, en Rusis, y la estrategia y táctica del Partido Comunista | ||
| 650 |
_aComunismo _92897 |
||
| 942 | _cBK | ||
| 999 |
_c19275 _d19275 |
||